000 00814nam a2200253Ia 4500
003 OSt
005 20220926005004.0
006 a|||||r|||| 00| 0
007 ta
008 220923b |||||||| |||| 00| 0 eng d
020 _a9789351500674
_c845.75
037 _b5559, 28/07/2015, RAJKIRAN BOOK AGENCY
_cGeneral Book
040 _aRTL
_cRTL
_beng
041 _2eng
_aeng
082 _aO157,1M61:g(Y), Q5
100 _aLAL Malashri
_9309587
245 0 _aTagore and the feminine
_b A journey in translations
260 _a New Delhi
_bSage Publication
_c2015
300 _axxxviii, 332p
_ccm.
500 _aAppendix: P 400-444
650 _aSociology
942 _hO157,1M61:g(Y), Q5
_cGB
_2CC
999 _c612735
_d612735